[Event "MPL 47th National Women Chess-ch 2022"]
[Site "Odisha"]
[Date "2022.03.01"]
[Round "8.9"]
[White "Harshini A"]
[Black "Priyanka, Kumari"]
[Result "0-1"]
[WhiteElo "2131"]
[BlackElo "1910"]
[Annotator "TA"]
[PlyCount "92"]
[EventDate "2022.02.25"]
[EventCountry "IND"]
[SourceTitle "playchess.com"]
[Source "ChessBase"]
[SourceQuality "1"]

{[%evp 15,92,12,23,15,23,0,9,-2,22,1,47,2,58,52,80,49,77,0,84,77,55,12,10,0,11,-102,-100,-92,-19,-219,-109,-105,-105,-105,-97,-147,-152,-206,-198,-199,-147,-152,-145,-321,-191,-357,-333,-656,-647,-615,-622,-654,-598,-587,-582,-703,-702,-679,-652,-736,-696,-1003,-951,-967,-951,-1139,-1031,-5386,-4598,-5332,-5074,-29968,-29970,-29971,-29972,-29967,-29942,-4926,-4922]} 1. e4 c5 2. Nf3 d6 3. d4 cxd4 4. Nxd4 Nf6 5. Nc3 a6 6. g3 e5 7. Nde2 Be7 8. Bg2 Be6 9. a4 {B91: Sicilian Najdorf: 6 g3.} Nbd7 {[#]} 10. a5 $146 ({Predecessor:} 10. O-O O-O 11. b3 b5 12. axb5 axb5 13. Rxa8 Qxa8 14. Nxb5 Nxe4 15. Qe1 Qb8 16. Nbd4 exd4 17. Bxe4 {½-½ (31) Puranik,A (2571)-Robson,R (2670) Douglas 2019}) 10... Rc8 11. b3 {The position is equal.} h5 12. h3 Qc7 (12... Rc5 $11) 13. Ra2 (13. Be3 $14) 13... Bd8 (13... Nc5 $11) 14. f4 $14 {Threatens to win with f5.} g6 {Inhibits f5.} 15. Be3 {Prevents Qc5.} Nc5 {[#]} 16. Nd5 ({Better is} 16. Ra1 $1 $16) 16... Bxd5 (16... Qd7 $11 {remains equal.}) 17. exd5 $16 exf4 18. Bxf4 (18. gxf4 $14 {deserves consideration.} O-O 19. O-O) 18... O-O $11 19. O-O Re8 20. Nd4 (20. c4 $11 {keeps the balance.}) 20... Nce4 $17 {Strongly threatening ...Nc3.} 21. Qd3 {[#]} Qc3 (21... Nc3 $1 $17 {[%cal Rc3a2]} 22. Raa1 Qc5) 22. Qxc3 (22. Ne2 $11 {and White stays safe.} Qxd3 23. cxd3) 22... Rxc3 (22... Nxc3 $19 {has better winning chances.} 23. Ra3 Nfe4) 23. Ne2 {And now Bxe4 would win.} Rc5 {Black is more active.} 24. c4 Rxa5 25. Rxa5 (25. Rc2 $142) 25... Bxa5 26. Bxd6 (26. Kh2 $17) 26... Nxd6 $19 27. Rxf6 Bb4 ({Not} 27... Rxe2 28. Rxd6 Bb4 29. Rd8+ Kg7 30. d6 $15) (27... Nf5 $19 28. Nf4 Nxg3) 28. Kf1 $17 Nf5 {aiming for ...Ne3+.} 29. Bf3 $2 (29. d6 $17) 29... Bc5 (29... Re3 $142 30. Bxh5 Rxb3 31. Bxg6 fxg6 32. Rxg6+ Kh8) 30. b4 $2 (30. d6 {might work better.}) 30... Ne3+ $19 ({Don't go for} 30... Bxb4 $2 31. Rb6 a5 32. Rxb7 $19) 31. Kg1 $2 (31. Kf2 Nxd5+ 32. bxc5 Nxf6 33. Nc3) 31... Nxd5+ 32. bxc5 Nxf6 {[%mdl 4096] Endgame KRN-KBN} 33. Nd4 Ne4 34. Nb3 f5 35. g4 hxg4 36. hxg4 Re5 37. gxf5 gxf5 38. Na5 Rxc5 39. Nxb7 Rxc4 40. Na5 Rc5 41. Nb7 Rb5 42. Nd8 Rb6 {( -> ...Kf8)} 43. Bh5 Kf8 44. Kg2 Ke7 45. Nf7 Nf6 46. Bg6 Nd5 {Weighted Error Value: White=1.03/Black=0.24 (precise)} 0-1

[Event "MPL 47th National Women Chess-ch 2022"]
[Site "Odisha"]
[Date "2022.03.01"]
[Round "8.10"]
[White "Bhagyashree Patil"]
[Black "Parnali, S Dharia"]
[Result "0-1"]
[WhiteElo "1974"]
[BlackElo "2224"]
[Annotator "TA"]
[PlyCount "62"]
[EventDate "2022.02.25"]
[EventCountry "IND"]
[SourceTitle "playchess.com"]
[Source "ChessBase"]
[SourceQuality "1"]

{[%evp 9,62,24,27,0,28,0,8,1,0,-26,-22,-23,-23,-36,-25,-28,0,-33,0,0,17,0,23,17,0,0,47,27,63,46,104,101,225,216,185,145,147,188,137,133,242,-628,-622,-623,-620,-613,-597,-589,-577,-29990,-29991,-29991,-29992,-29992,-29993]} 1. e4 e5 2. Nf3 Nc6 3. Bc4 Nf6 4. d3 h6 5. c3 Bc5 6. Be3 {C54: Giuoco Piano: 4 c3 Nf6, main lines with 5 d4 and 5 d3.} Qe7 7. Nbd2 {[#]} Bxe3 $146 ({Predecessor:} 7... d6 8. d4 Bb6 9. Qc2 a6 10. h3 Nd8 11. O-O Bd7 12. Rad1 O-O 13. Nh4 Nc6 {1-0 (52) Trefilik,J (1529)-Skurihin,R (1887) Prague 2019}) 8. fxe3 {The position is equal.} Na5 9. O-O {[%cal Of3e5]} Nxc4 10. Nxc4 d6 11. Qe1 Be6 12. Ncd2 O-O-O 13. d4 Bg4 14. d5 h5 {[%cal Oh5h4]} 15. Nh4 Rh6 16. c4 Rg8 17. b4 Qd7 (17... Nd7 $11) 18. Qb1 $14 Nh7 19. Qc2 Ng5 (19... Qd8 $14) 20. c5 $16 Be2 (20... Rf6 $16) 21. Rf5 $1 $18 Qe7 {[%cal Og5h3]} 22. cxd6 Rxd6 {[%cal Og5h3] [#]} 23. Rc1 $1 Rd7 24. Nb3 {Strongly threatening Nc5.} g6 {[#]} (24... Bb5 $16 25. Qc5 Qxc5 26. Nxc5 (26. Rxc5 Nxe4 27. Rxb5 Nd6 $11) 26... f6) 25. d6 $4 {[%mdl 8192] [#]} Nh3+ $1 $19 {[%mdl 512]} 26. Kh1 Qxh4 27. Nc5 {Threatening mate with Qa4.} gxf5 28. Nxd7 {[%csl Gc1,Gd6][%cal Rc2c7] [#]} c6 {[%cal Oh4g4] ( -> ...Qg4!)} 29. Nxe5 {[#]} (29. Qxe2 Kxd7) 29... Qf2 {[%csl Gg8][%cal Rf2g2] Black mates.} 30. d7+ Kc7 {[%csl Gg8][%cal Rf2g2]} 31. d8=Q+ Rxd8 {What a bad dream for White.  Weighted Error Value: White=0.47/Black=0.20 (precise)} 0-1

[Event "MPL 47th National Women Chess-ch 2022"]
[Site "Odisha"]
[Date "2022.03.01"]
[Round "8.11"]
[White "Sahithi Varshini M"]
[Black "Bala Kannamma P"]
[Result "1/2-1/2"]
[WhiteElo "2238"]
[BlackElo "2120"]
[Annotator "TA"]
[PlyCount "100"]
[EventDate "2022.02.25"]
[EventCountry "IND"]
[SourceTitle "playchess.com"]
[Source "ChessBase"]
[SourceQuality "1"]

{[%evp 16,100,46,25,47,55,115,98,106,125,120,129,120,120,168,160,161,144,138,77,82,62,81,69,226,29,16,31,25,27,25,26,60,61,59,42,54,58,62,18,58,10,12,0,0,0,8,10,33,0,10,0,0,0,0,0,0,0,15,18,93,0,0,-23,0,-207,-75,-50,0,0,0,0,0,-2,0,0,0,0,0,-7,0,0,0,0,0,0,0]} 1. e4 c5 2. Nc3 e6 3. Nge2 Nc6 4. d4 cxd4 5. Nxd4 a6 6. Be2 Qc7 7. O-O Nf6 8. Be3 {[%cal Bc1e3,Be3d4,Bd4g7][%mdl 32]} Bb4 9. Nxc6 Qxc6 {B49: Sicilian: Taimanov: 5 Nc3 Qc7 6 Be3 a6 7 Be2.} 10. Bd4 {[#]} Nxe4 $146 (10... d6 $14) ({Predecessor:} 10... Qc7 11. e5 Bxc3 12. exf6 Bxd4 13. Qxd4 gxf6 14. Qxf6 Rg8 15. Rfe1 Qd8 16. Qd4 b5 17. Bf3 {0-1 (58) Barjan Pinedo,J (2097)-Abreu Jean,C (2281) Santo Domingo 2017}) 11. Nxe4 $16 (11. Bxg7 $6 Bxc3 12. bxc3 Nxc3 $1 13. Bxc3 Rg8 $11) 11... Qxe4 {White is better.} 12. Bxg7 Rg8 {[#]} 13. Bf3 $1 Qf4 (13... Qf5 14. Bd4) 14. Bd4 Be7 (14... Qd2 $16 {might work better.} 15. c4 Qxd1 16. Raxd1 (16. Rfxd1 d6 $16) 16... d6) 15. Re1 $18 d6 16. Re4 Qf5 17. c4 (17. Re3 $142) 17... Bd7 $16 18. Re3 Rc8 $1 19. Be4 (19. Bxb7 Rxc4 20. g3 Qg4 $14) 19... Qg4 (19... Qf4 $14) 20. Qxg4 $2 (20. Bxb7 Rxc4 21. Bc3 Bc6 22. Bxc6+ Rxc6 $11) ({White should try} 20. Qd3 $1 $18 {Black must now prevent Rg3.} f5 21. Bxb7) 20... Rxg4 $11 21. f3 Rh4 22. g3 Rxe4 23. Rxe4 {Rg4 is the strong threat.} f5 {To avoid Rg4} 24. Ree1 Rxc4 25. Rad1 e5 26. Bc3 Bc6 27. Rd3 (27. Re3 $14 {feels stronger.}) 27... Bb5 28. Rde3 (28. f4 $14) 28... Kf7 29. b3 Rc8 30. a4 Bd7 31. Bb4 Ke6 32. Rd3 Bc6 33. Rc3 Rd8 34. Kf2 Bf6 35. Rd3 e4 36. Bc3 Bxc3 (36... Be5 $5 {[%cal Re4d3]} 37. Rde3 f4 38. Rxe4 Bxe4 39. Rxe4 fxg3+ 40. hxg3 Rc8 41. Bxe5 dxe5 $11) 37. Rxc3 {[%mdl 4096] Endgame KRR-KRB} d5 (37... h5 $1 $11) 38. f4 (38. Rd1 $1 $16) 38... d4 39. Rc5 Bd5 40. b4 (40. Rb1 $1 $11) 40... b6 (40... e3+ $19 41. Kf1 (41. Ke2 $2 Bb3 $17) 41... Bb3) 41. Rc7 $17 Kd6 (41... e3+ $15 42. Ke2 Bb3) 42. Rxh7 {The position is equal.} e3+ 43. Ke2 $1 Bc4+ 44. Kf3 Bd5+ 45. Ke2 Bc4+ 46. Kf3 Re8 47. Rh6+ Kd5 48. Rh7 $1 {And now Rd7+ would win.} (48. Rxb6 d3 49. Rb7 Kc6 50. Rxe3 d2 $1 {[%mdl 512]} 51. Rxe8 d1=Q+ 52. Kf2 Qf1+ 53. Ke3 Qd3+ 54. Kf2 Qf1+ 55. Ke3 Qd3+ 56. Kf2 Qd2+ 57. Kg1 Bd5 58. Kf1 Bg2+ 59. Kg1 Bh3 60. b5+ Kxb7 61. Re7+ Kc8) 48... Kd6 {Inhibits Rd7+. aiming for ...d3.} 49. Rh6+ Kd5 50. Rh7 $1 {Hoping for Rd7+.} (50. Rxb6 d3 51. Rb7 Kd6 52. Rb6+ Kc7 53. Rxe3 {[#]} d2 $1 {[%mdl 512]} 54. Rxe8 d1=Q+ 55. Ke3 Kxb6 56. Re7 Qd3+ 57. Kf2 Qd2+ 58. Kg1 Qxb4 59. a5+ Kc6 60. Re8 Qd2 61. Rc8+ Kb5 62. Rb8+ Kc5 63. Rb1 Qe3+ 64. Kg2 Qe2+ 65. Kg1 Bd5 66. Rc1+ Kd6) 50... Kd6 {To avoid Rd7+. Black escapes into a draw.  Weighted Error Value: White=0.23 (precise) /Black=0.19 (very precise)} 1/2-1/2

[Event "MPL 47th National Women Chess-ch 2022"]
[Site "Odisha"]
[Date "2022.03.01"]
[Round "8.12"]
[White "Bristy Mukherjee"]
[Black "Pandey Srishti"]
[Result "1/2-1/2"]
[WhiteElo "1856"]
[BlackElo "2177"]
[Annotator "TA"]
[PlyCount "109"]
[EventDate "2022.02.25"]
[EventCountry "IND"]
[SourceTitle "playchess.com"]
[Source "ChessBase"]
[SourceQuality "1"]

{[%evp 9,109,-30,2,-27,38,-83,-72,-90,-91,-169,-171,-146,-110,-166,-154,-140,-92,-108,-115,-114,-111,-178,-164,-190,-179,-159,-149,-127,-127,-178,-161,-213,-208,-187,-129,-129,-117,-125,-118,-118,-80,-128,-133,-125,-120,-122,-80,-96,-91,-112,-82,-157,-168,-163,-165,-204,-196,-217,-217,-210,-208,-214,-200,-235,-233,-265,-193,-190,-77,-76,-57,-53,-26,-28,-28,-26,39,39,39,39,39,39,39,39,39,39,39,39,39,39,39,39,39,32,32,32,39,39,39,39,39,39]} 1. d4 {[%cal Bd2d4,Bd4c5][%mdl 32]} d5 2. Bg5 f6 3. Bh4 Nh6 4. f3 c5 5. dxc5 e5 (5... e6 $5 {[%cal Rf8c5]}) 6. e4 {D00: 1 d4 d5: Unusual lines.} d4 {[#]} (6... Bxc5 $11 7. Nc3 d4) 7. f4 $146 (7. Bc4 $14 {stays ahead.}) ({Predecessor:} 7. b4 a5 8. c3 dxc3 9. Qxd8+ Kxd8 10. Nxc3 axb4 11. O-O-O+ Nd7 12. Nd5 Rxa2 13. Nxf6 Ra1+ 14. Kc2 b3+ {0-1 (14) Svicevic,R (2223)-Yang,K (2481) Chess.com INT 2021}) 7... exf4 $17 {Strongly threatening ...Ng4.} 8. Ne2 {Black is better.} Nc6 (8... Bxc5 $6 9. Nxf4 O-O 10. Bc4+ Kh8 11. Nd2 $11) 9. Bf2 (9. Nxf4 $17 {was called for.} Bg4 10. Be2 Bxe2 11. Qxe2) 9... Bxc5 10. Nxf4 O-O (10... Bg4 11. Be2 Qd6 12. Nd5 $11) 11. Bc4+ (11. Nd3 $17 {might work better.}) 11... Kh8 $1 $19 {White must now prevent ...f5.} 12. Nd3 {[#]} Bb6 (12... Ng4 $142 $1 {[%cal Oc6e5] And now ...Nce5! would win.} 13. Nd2 (13. O-O Nce5) 13... Bb6) 13. O-O $17 f5 14. Nd2 Ng4 15. h3 (15. Bd5 $17 {keeps fighting.}) 15... Ne3 $19 16. Qh5 Nxf1 ({And not} 16... Nxc4 17. Nxc4 Be6 18. Bh4 $1 $14 (18. Nxb6 Qxb6 19. exf5 Bxf5 $11)) 17. Rxf1 Qe8 18. Qxe8 Rxe8 19. Bh4 (19. Bd5 $17) 19... fxe4 20. Nxe4 (20. Bf7 $142 Rf8 21. Nxe4) 20... Be6 21. Bb5 Bg8 ({Black should try} 21... Bxa2 $19 22. Nd6 Rf8 23. Rxf8+ Rxf8 24. Nxb7 Ne5 $1 {[%mdl 512]}) 22. Nd6 $17 Re6 (22... Bxa2 $2 23. Nxe8 Rxe8 24. b3 $18) 23. Nxb7 Rb8 24. Ba6 Na5 25. Nxa5 (25. Nbc5 $142 Bxc5 26. Nxc5) 25... Bxa5 26. Bg3 Rd8 $36 {[%mdl 2048] White is under strong pressure.} ({Not} 26... Rxb2 27. Nxb2 Rxa6 28. Nd3 $15) 27. Bb5 Bd2 (27... Re2 $142 28. Nb4 Rd2) 28. Kh2 Be3 29. b3 Rf6 {Prevents Rf5.} 30. Rd1 ({White should play} 30. Ne5) 30... Rc8 31. Ne1 h6 32. Be5 {[#]} Rf2 {...Rc5 is the strong threat.} 33. Bxd4 {[#]} Rd2 $1 34. Rxd2 Bxd2 35. Ba6 Rc7 {[%mdl 1024] Black has strong compensation.} 36. Be5 Rc6 37. Bb7 Rc5 38. Bd6 Rb5 (38... Rc3 $19 {and Black stays clearly on top.} 39. Bg3 Bxe1 40. Bxe1 Rxc2) 39. Nf3 {[%cal Oc2c4]} Rxb7 40. Nxd2 {[%mdl 4096] Endgame KRB-KBN} Rd7 (40... Rb6 $5 {[%cal Rb6d6]} 41. Bf4 Bd5 $15) 41. Bb4 Bd5 42. Kg3 a5 (42... g5 $11) 43. Bxa5 $14 {White is slightly better.} Ra7 44. b4 Bxa2 45. c4 Kg8 46. Kf3 Kf7 47. Ke3 Ke6 48. Kd3 Rd7+ 49. Kc3 Rxd2 {[%mdl 64] Remove Defender} 50. Kxd2 {Hoping for Kd3.} Bxc4 {KB-KB} 51. g3 Bf1 52. h4 g5 53. Ke3 gxh4 54. gxh4 h5 55. Kd4 {Black had all chances to win.  Weighted Error Value: White=0.19 (very precise) /Black=0.17 (very precise)} 1/2-1/2

[Event "MPL 47th National Women Chess-ch 2022"]
[Site "Odisha"]
[Date "2022.03.01"]
[Round "8.13"]
[White "Michelle Catherina, P."]
[Black "Jyothsna L"]
[Result "1/2-1/2"]
[WhiteElo "2176"]
[BlackElo "2052"]
[Annotator "TA"]
[PlyCount "82"]
[EventDate "2022.02.25"]
[EventCountry "IND"]
[SourceTitle "playchess.com"]
[Source "ChessBase"]
[SourceQuality "1"]

{[%evp 9,82,5,31,18,33,10,16,-10,-13,-5,0,-17,37,38,59,54,59,51,58,56,58,59,58,59,65,68,68,68,63,71,60,68,72,58,59,58,63,0,11,-30,-27,-24,5,-31,-20,-17,-16,-116,-118,-121,-120,-115,-115,-109,-122,-124,-104,-104,-103,-107,-91,-97,-102,-108,-91,-102,-105,-128,-128,-120,-133,-146,-93,-115,-87]} 1. d4 d5 2. Nc3 Nf6 3. Bf4 c6 4. e3 Bf5 5. f3 e6 6. g4 {D00: 1 d4 d5: Unusual lines.} Bg6 7. h4 {[%cal Bh2h4,Bh4h5][%mdl 32] [#] h5 is the strong threat.} h6 8. h5 {The position is equal.} Bh7 9. Bd3 Bxd3 10. Qxd3 Bd6 {[#]} (10... b5 $11) 11. O-O-O $146 ({Predecessor:} 11. Nge2 Bxf4 12. exf4 Nbd7 13. Qe3 Qe7 14. Nc1 Nb6 15. b3 Qa3 16. Kf2 O-O-O 17. Kg3 {1-0 (62) Jobava,B (2716)-Salgado Lopez,I (2605) Yerevan 2014}) 11... Qc7 12. Bxd6 Qxd6 13. e4 {And now e5 would win.} Qe7 14. e5 Nfd7 15. f4 Na6 16. Nf3 {[%cal Bg1f3,Bf3h4,Bh4g6][%mdl 32]} Nc7 17. f5 O-O-O 18. Kb1 f6 19. Nh4 $1 fxe5 20. Ng6 {[%csl LRe5,LRe7,LRh8]} Qf6 21. Nxh8 {White is much more active. Black has bad knights.} e4 $1 22. Qe3 ({Much worse is} 22. g5 hxg5 23. Qh3 Rxh8 24. fxe6 Qxe6 $15) 22... Rxh8 23. fxe6 (23. Ne2 $14) 23... Nxe6 $11 {[%cal Bc7e6,Be6g5,Bg5f3][%mdl 32]} 24. Ne2 (24. Rhf1 {was preferrable.} Qg5 25. Qxg5 Nxg5 26. Ne2) 24... Rf8 25. c4 {Hoping for cxd5.} Qf2 (25... Qf3 $5 {[%cal Rf3e3]} 26. Rh3 Qxe3 27. Rxe3 Rf2 $11) 26. Qd2 Nb6 $36 {[%mdl 2048] Black fights for an advantage.} 27. cxd5 Nxd5 28. Rhe1 (28. Nc3 $11) 28... Ng5 $17 {Strongly threatening ...Nf3. Pair of Knights!} 29. Nc3 Qxd2 30. Rxd2 Nf3 {[%csl LRd2,LRe1]} 31. Rf2 e3 32. Rxf3 Rxf3 33. Nxd5 cxd5 {[%mdl 4096] Endgame KR-KR} 34. Kc2 Rg3 35. Kd3 Rxg4 36. Rxe3 Kd7 {Prevents Re7+.} 37. Rf3 Ke7 38. a4 Rg5 39. Rh3 b6 40. Ke3 {[#]} Rg2 (40... Kf6 $142 $1 41. b3 g6 42. hxg6 Kxg6) 41. b3 Rg5 {Weighted Error Value: White=0.13 (very precise) /Black=0.08 (flawless)} 1/2-1/2

[Event "MPL 47th National Women Chess-ch 2022"]
[Site "Odisha"]
[Date "2022.03.01"]
[Round "8.14"]
[White "Mohota, Nisha"]
[Black "Chandreyee, Hajra"]
[Result "1-0"]
[WhiteElo "2147"]
[BlackElo "2001"]
[Annotator "TA"]
[PlyCount "89"]
[EventDate "2022.02.25"]
[EventCountry "IND"]
[SourceTitle "playchess.com"]
[Source "ChessBase"]
[SourceQuality "1"]

{[%evp 11,89,0,0,0,0,0,0,0,0,-7,62,62,77,64,76,61,100,94,89,88,98,101,104,74,147,135,183,135,169,160,158,43,16,30,20,-38,-30,-88,89,104,131,104,87,94,91,87,100,93,170,167,168,165,282,235,355,356,409,418,625,620,614,611,562,534,610,493,685,663,618,572,704,570,680,569,560,554,755,751,29973,6333]} 1. e4 c6 2. d4 d5 3. e5 Bf5 4. h4 h5 5. c4 e6 6. Nc3 Ne7 7. Nge2 {B12: Caro-Kann: Advance Variation.} Nd7 8. Ng3 Bg6 9. Bg5 {The position is equal.} Qb6 10. Rc1 $1 {[%mdl 4] is recently more successful than 10.Qd2.} Nf5 ({Black should play} 10... Qxb2 $11 11. Bd3 dxc4 12. Bxc4 Qb4) 11. Nxf5 $14 Bxf5 12. cxd5 exd5 13. Bd3 Be6 14. Ne2 Bb4+ 15. Kf1 {[#]} Be7 $146 ({Predecessor:} 15... Bg4 16. f3 Be6 17. Nf4 Nf8 18. Bb1 Bd7 19. Kf2 Ne6 20. Nxe6 Bxe6 21. Rf1 Qc7 {0-1 (44) Yoo,C (2451)-Sadhwani,R (2479) Chess.com INT 2019}) 16. Bxe7 Kxe7 17. Qd2 Kd8 ({Black should try} 17... Rh6) 18. Rc3 a5 (18... Qb4 $16 {keeps fighting.}) 19. Qg5+ (19. Rb3 $18 Qa7 20. g3) 19... Kc7 20. Rb3 (20. Qxg7 $2 Rag8 21. Qxh8 Rxh8 $19) (20. Qe7 Qxb2 21. Kg1 (21. Rb3 $2 Qxa2 22. Rc3 Qa4 $19) 21... Qb4 $11) 20... Qa7 21. Qe7 {White is more active.} (21. Qxg7 $2 Rag8 22. Qxh8 Rxh8 $19) (21. g3 $16) 21... Rae8 22. Qd6+ Kc8 23. Kg1 (23. Qa3 $11) 23... Rh6 $15 24. Qa3 (24. Rc3 $11 {keeps the balance.}) 24... Kb8 $2 (24... f6 $1 $17 {[%cal Rf6e5] stays on course.} 25. Nf4 (25. Qd6 $2 fxe5 26. Qa3 Bg4 $19) 25... fxe5) 25. Kh2 $1 $16 f6 26. Rc1 {And now Rxc6 would win.} Ka8 27. f4 $36 {[%mdl 2048] Threatens to win with f5. Black is under strong pressure.} Bg4 {[%cal Rf6e5] [#]} 28. Ng3 $1 fxe5 29. dxe5 ({Much worse is} 29. fxe5 Qxd4 30. Qxa5+ Kb8 $15) 29... b6 (29... Nb8 $16 {might work better.}) 30. Nf5 $18 Bxf5 31. Bxf5 c5 (31... Nb8 $142 32. Rg3 Qf7) 32. Rg3 Nf8 (32... Nb8 $142 33. Rd1 d4 34. Qf3+ Nc6) 33. Qf3 Qf7 {[#]} 34. Rd1 $1 g6 {[#]} (34... Qxf5 $2 35. Qxd5+ Kb8 36. Rxg7 $18) (34... Ka7 $142 35. Rxd5 Ne6) 35. Rxd5 $1 {White threatens Rd8+ and mate.} Ka7 36. Bh3 Rh7 37. Qe4 Qe7 38. Rg5 Rd8 39. g3 Rxd5 40. Qxd5 Qb7 41. Qd6 Qb8 42. Qf6 {Black must now prevent f5.} Qe8 43. e6 {Prevents Rf7.} Re7 44. Rd5 Nh7 {[#]} 45. Qxe7+ $3 {[%mdl 512] Weighted Error Value: White=0.24 (precise) /Black=0.54} 1-0

[Event "MPL 47th National Women Chess-ch 2022"]
[Site "Odisha"]
[Date "2022.03.02"]
[Round "9.1"]
[White "Divya Deshmukh"]
[Black "Soumya, Swaminathan"]
[Result "1/2-1/2"]
[WhiteElo "2301"]
[BlackElo "2360"]
[Annotator "TA"]
[PlyCount "36"]
[EventDate "2022.02.25"]
[EventCountry "IND"]
[SourceTitle "playchess.com"]
[Source "ChessBase"]
[SourceQuality "1"]

{[%evp 24,36,0,0,54,26,66,-24,44,0,55,-29,72,0,35]} 1. e4 c5 2. c3 Nf6 3. e5 Nd5 4. d4 cxd4 5. Nf3 Nc6 6. cxd4 d6 7. Bc4 e6 8. O-O Be7 9. Qe2 O-O 10. Nc3 Nxc3 11. bxc3 dxe5 12. dxe5 Qa5 13. Bd2 Qa4 {[#] B22: Sicilian: 2 c3.} (13... Qc7 $11) 14. Bb5 $146 ({Predecessor:} 14. Bb3 Qg4 15. h3 Qh5 16. Rad1 Bd7 17. Bc2 f5 18. Bg5 Rad8 19. Bxe7 Nxe7 20. Bb3 Kh8 21. Rd4 Bc6 22. Bxe6 Qg6 23. Bb3 Rxd4 24. cxd4 {1-0 (56) Bogdanov,N (2244)-Kalegin,E (2433) Kazan 2018}) 14... Qa3 15. Bc4 (15. h4 $14) 15... Qa4 (15... b6 $11) 16. Bb5 Qa3 17. Bc4 (17. h4 $14) 17... Qa4 (17... b6 $11 {remains equal.}) 18. Bb5 (18. Bb3 $5 {[%cal Rb3a4]} Qg4 19. Bc2 $16) 18... Qa3 {White did not feel at home in the position after the opening.  Weighted Error Value: White=0.62/Black=0.54} 1/2-1/2

[Event "MPL 47th National Women Chess-ch 2022"]
[Site "Odisha"]
[Date "2022.03.02"]
[Round "9.2"]
[White "Padmini, Rout"]
[Black "Priyanka Nutakki"]
[Result "1/2-1/2"]
[WhiteElo "2350"]
[BlackElo "2301"]
[Annotator "TA"]
[PlyCount "99"]
[EventDate "2022.02.25"]
[EventCountry "IND"]
[SourceTitle "playchess.com"]
[Source "ChessBase"]
[SourceQuality "1"]

{[%evp 14,99,12,2,20,17,17,13,71,64,68,65,71,74,146,119,117,95,93,100,95,77,79,80,114,98,105,72,70,78,59,59,66,54,86,70,100,96,84,98,103,100,101,106,99,108,249,246,232,229,239,161,158,150,163,150,134,168,135,28,28,26,32,4,8,10,10,7,10,4,1,4,4,6,4,0,0,0,0,0,0,0,0,0,0,0,-28000,-28000]} 1. e4 e6 2. d4 d5 3. Nd2 c5 4. Ngf3 cxd4 5. Nxd4 Nc6 6. Bb5 Bd7 7. Nxc6 bxc6 8. Bd3 Bd6 {C07: French Tarrasch: 3...c5, 4 Ngf3 and 4 exd5 Qxd5.} 9. Qe2 Qc7 {Recently 9...e5 got a lot of attention.} 10. Nf3 e5 (10... dxe4 $11 11. Qxe4 (11. Bxe4 Nf6 $11) 11... h6) 11. exd5 $1 $16 cxd5 {[#]} 12. Nxe5 $1 Bxe5 13. f4 $1 {[%mdl 64] Pin} f6 14. fxe5 Qxe5 15. Bf4 (15. Be3 {keeps more tension.} Ne7 16. O-O-O O-O 17. Bc5 Rf7 18. Qxe5 fxe5 19. Rhf1) 15... Qxe2+ 16. Bxe2 {[#]} Kf7 $146 ({Predecessor:} 16... Ne7 17. O-O-O Kf7 18. Bf3 Be6 19. Rhe1 Rac8 20. Rd2 Rc6 21. b3 Rd8 22. Kb2 g5 {1-0 (42) Naroditsky,D (2616)-Akobian,V (2643) Chess.com INT 2019}) 17. Bh5+ g6 18. Bf3 Bc6 19. O-O-O Ne7 20. h4 h5 21. Bd6 {White is more active.} Nf5 22. Bc5 ({But not} 22. Bxd5+ Bxd5 23. Rxd5 Rad8 24. Rxf5 (24. Rhd1 Ne3 $17) 24... gxf5 $17) 22... Rhd8 {[%cal Od5d4]} 23. Bf2 Rd7 24. Rd2 Rc8 25. g4 $1 hxg4 26. Bxg4 {Black must now prevent h5.} d4 27. Re1 $36 {[%mdl 2048] Keeping Black busy.} d3 28. h5 (28. Rxd3 $6 Rxd3 29. Bxf5 gxf5 $11) 28... dxc2 29. Rxc2 Bb7 {[#]} (29... Rdc7 $16) 30. Bc5 $1 $18 (30. Bxa7 $6 Rxc2+ 31. Kxc2 Rc7+ 32. Kb1 Ba6 $16) 30... Rdc7 31. b4 Rh8 32. hxg6+ ({Don't play} 32. Bxa7 $6 Rxc2+ 33. Kxc2 Ra8) 32... Kxg6 33. Rg1 ({Resist} 33. Bxa7 $6 Rxc2+ 34. Kxc2 Ra8 $16) 33... Rh1 {[%cal Oc7c5]} 34. Bxa7 {A strong pair of Bishops.} Rxc2+ 35. Kxc2 {Hoping for Be2+.} Rh2+ {[#]} 36. Be2+ (36. Kb1 $1 $16 Be4+ 37. Ka1) 36... Kf7 $11 37. Kd1 {Strongly threatening Bc4+.} Bd5 {To avoid Bc4} 38. a4 {aiming for a5.} Bb3+ 39. Ke1 {Threatens to win with a5.} Bxa4 40. Bc4+ Ke7 41. Bc5+ Kd7 42. Rg6 Rh6 43. Rg8 (43. Bd3 $5 {[%cal Rd3f5]} Rh1+ 44. Kf2 $11) 43... Rh4 44. Bd3 Nd4 45. Rg7+ Kc6 46. Rg6 Rf4 47. Be7 Nc2+ 48. Bxc2 $2 {[%mdl 8192]} (48. Kd2 $11) 48... Bxc2 49. Rxf6+ Rxf6 50. Bxf6 {[%mdl 32768] Black used his chance.  Weighted Error Value: White=0.10 (very precise) /Black=0.12 (very precise) . An unexpected result.} 1/2-1/2